000 00298nam a22001337a 4500
008 170912b xxu||||| |||| 00| 0 eng d
020 _a3540173714
041 _aeng
080 _a53
100 _a43
101 _aFIZ
245 _aSPECTRAL METHODS IN FLUID DYNAMICS
_cCANUTO,C
942 _2udc
_cBK
999 _c27332
_d27332